Quais as 10 mais populosas Regiões Metropolitanas do Brasil? - Statistics

Estatísticas Gerais
  • Esse quiz foi jogado 379 vezes
  • A pontuação média é 8 de 10
Estatísticas das Respostas
População Região Metropolitana ou RIDE % Correto
20 284 891 Região Metropolitana de São Paulo
100%
12 890 607 Região Metropolitana do Rio de Janeiro
100%
5 182 977 Região Metropolitana de Belo Horizonte
92%
4 041 042 Região Integrada de Desenvolvimento do Distrito Federal e Entorno
82%
3 919 864 Região Metropolitana de Salvador
75%
4 011 224 Região Metropolitana de Porto Alegre
74%
3 859 445 Região Metropolitana de Recife
70%
3 429 888 Região Metropolitana de Curitiba
68%
3 615 767 Região Metropolitana de Fortaleza
67%
3 055 976 Região Metropolitana de Campinas
50%
Nenhum quiz correspondente encontrado
Distribuição das Pontuações
Porcentagem de Pessoas com Cada Pontuação
Percentil de Números Respondidos
Sua Pontuação Histórica
Você não jogou esse quiz